000
00291cam a22001097a 4500
008
180718b1948 xxu||||| |||| 00| 0 eng d
082
_a
C43x5431
100
_a
India. Ministry of States
245
_a
White paper on Jammu and Kashmir
260
_a
New Delhi
_b
The author
_c
1948
300
_a
89+p.
999
_c
490338
_d
490338